| 000 | 00764nam a2200217Ia 4500 | ||
|---|---|---|---|
| 001 | 14994 | ||
| 003 | GE_BSU | ||
| 008 | 181216s||||||||xx |||||||||||||| ||und|| | ||
| 040 | _cGE_BSU | ||
| 080 | _a515.12 | ||
| 100 | _aБурбаки,Н. | ||
| 245 | _aОбщая топология. Использование вещественных чисел в общей топологии | ||
| 245 | _cПод.ред.Д.А.Райкова Пер. с франц. С.Н. Крачковского | ||
| 260 | _aМосква | ||
| 260 | _bНаука | ||
| 260 | _c1975 | ||
| 300 | _a408стр.22см. | ||
| 653 | _aИспользование вещественных чисел в общей топологии | ||
| 653 | _aОбщая топология. | ||
| 942 | _cBK | ||
| 999 |
_c48113 _d48113 |
||